[Event "Bundesliga 9394"]
[Site "Germany"]
[Date "1994.05.08"]
[Round "14.1"]
[White "Bagirov, Vladimir"]
[Black "Dokhoian, Yury"]
[Result "1/2-1/2"]
[WhiteElo "2525"]
[BlackElo "2570"]
[PlyCount "27"]
[EventDate "1993.11.06"]
[EventType "team-tourn"]
[EventRounds "15"]
[EventCountry "GER"]
[SourceTitle "GER-chT"]
[Source "ChessBase"]
[SourceDate "1999.07.01"]
[SourceVersion "1"]
[SourceVersionDate "1999.07.01"]
[SourceQuality "1"]
[WhiteTeam "Zehlendorf"]
[BlackTeam "Bochum"]
[WhiteTeamCountry "GER"]
[BlackTeamCountry "GER"]

1. Nf3 d5 2. g3 c5 3. Bg2 Nc6 4. d4 Nf6 5. 0-0 e6 6. b3 Be7 7. Bb2 0-0 8. Nbd2 b6 9. c4 dxc4 10. dxc5 Nd5 11. Nd4 Nxd4 12. Bxd4 Bb7 13. Nxc4 b5 14. Ne3 1/2-1/2

[Event "Bundesliga 9394"]
[Site "Germany"]
[Date "1994.04.16"]
[Round "12.1"]
[White "Dokhoian, Yury"]
[Black "Khalifman, Alexander"]
[Result "1/2-1/2"]
[WhiteElo "2570"]
[BlackElo "2660"]
[PlyCount "95"]
[EventDate "1993.11.06"]
[EventType "team-tourn"]
[EventRounds "15"]
[EventCountry "GER"]
[SourceTitle "GER-chT"]
[Source "ChessBase"]
[SourceDate "1999.07.01"]
[SourceVersion "1"]
[SourceVersionDate "1999.07.01"]
[SourceQuality "1"]
[WhiteTeam "Bochum"]
[BlackTeam "Stadthagen"]
[WhiteTeamCountry "GER"]
[BlackTeamCountry "GER"]

1. d4 Nf6 2. c4 e6 3. Nc3 Bb4 4. Qc2 0-0 5. a3 Bxc3+ 6. Qxc3 b6 7. Bg5 Bb7 8. f3 c5 9. dxc5 bxc5 10. e3 Nc6 11. Nh3 h6 12. Bh4 Qa5 13. Qxa5 Nxa5 14. b4 cxb4 15. axb4 Nc6 16. b5 Ne7 17. Bd3 Rfc8 18. Ke2 d5 19. Rhc1 dxc4 20. Rxc4 Rxc4 21. Bxc4 Nf5 22. Bxf6 gxf6 23. Nf4 Nd6 24. Bd3 f5 25. Kf2 Kf8 26. Ne2 Ke7 27. h3 Kf6 28. Ra4 Ke7 29. g4 fxg4 30. hxg4 Kf6 31. Ra1 Kg7 32. e4 Kf6 33. Ke3 e5 34. Nc3 Ke7 35. Na4 Kd7 36. Rh1 Rh8 37. Rc1 Rc8 38. Nc5+ Ke7 39. Kd2 Rc7 40. Rc3 f6 41. Kc2 Bc8 42. Kb3 Nb7 43. Na4 Rxc3+ 44. Kxc3 Nd8 45. Bc4 Ne6 46. b6 axb6 47. Nxb6 Bb7 48. Bxe6 1/2-1/2

[Event "Bundesliga 9394"]
[Site "Germany"]
[Date "1994.03.20"]
[Round "11.1"]
[White "Dokhoian, Yury"]
[Black "Hertneck, Gerald"]
[Result "1-0"]
[WhiteElo "2570"]
[BlackElo "2615"]
[PlyCount "73"]
[EventDate "1993.11.06"]
[EventType "team-tourn"]
[EventRounds "15"]
[EventCountry "GER"]
[SourceTitle "GER-chT"]
[Source "ChessBase"]
[SourceDate "1999.07.01"]
[SourceVersion "1"]
[SourceVersionDate "1999.07.01"]
[SourceQuality "1"]
[WhiteTeam "Bochum"]
[BlackTeam "Muenchen 36"]
[WhiteTeamCountry "GER"]
[BlackTeamCountry "GER"]

1. d4 Nf6 2. Nf3 d5 3. c4 c6 4. Nc3 dxc4 5. a4 Bf5 6. Ne5 e6 7. f3 c5 8. e4 cxd4 9. exf5 Nc6 10. Nxc6 bxc6 11. fxe6 fxe6 12. Bxc4 dxc3 13. Qxd8+ Rxd8 14. bxc3 Nd5 15. Bd2 Be7 16. 0-0-0 Bf6 17. Rhe1 Kf7 18. Kc2 Rd6 19. Rb1 Rhd8 20. Rb7+ Kg6 21. Re2 a5 22. Bd3+ Kh5 23. Bxh7 R6d7 24. Rxd7 Rxd7 25. Rxe6 Nb6 26. Rxc6 Nxa4 27. g4+ Kh4 28. g5 Rxd2+ 29. Kxd2 Kxg5 30. Kc2 Nxc3 31. Rxf6 Kxf6 32. Kxc3 Kg5 33. Kd2 Kf4 34. Be4 g5 35. h3 Kg3 36. Kc3 Kxh3 37. Bf5+ 1-0

[Event "Bundesliga 9394"]
[Site "Germany"]
[Date "1994.01.29"]
[Round "6.1"]
[White "Dokhoian, Yury"]
[Black "Lutz, Christopher"]
[Result "1/2-1/2"]
[WhiteElo "2570"]
[BlackElo "2595"]
[PlyCount "47"]
[EventDate "1993.11.06"]
[EventType "team-tourn"]
[EventRounds "15"]
[EventCountry "GER"]
[SourceTitle "GER-chT"]
[Source "ChessBase"]
[SourceDate "1999.07.01"]
[SourceVersion "1"]
[SourceVersionDate "1999.07.01"]
[SourceQuality "1"]
[WhiteTeam "Bochum"]
[BlackTeam "Koeln Porz"]
[WhiteTeamCountry "GER"]
[BlackTeamCountry "GER"]

1. Nf3 Nf6 2. c4 c5 3. g3 g6 4. Bg2 Bg7 5. 0-0 0-0 6. d4 cxd4 7. Nxd4 Nc6 8. Nc3 Ng4 9. e3 d6 10. b3 Nxd4 11. exd4 Nh6 12. Bb2 Rb8 13. Qd2 Bd7 14. Rac1 Nf5 15. Ne4 Qb6 16. d5 Bxb2 17. Qxb2 Qd4 18. Qa3 a6 19. Rfd1 Qg7 20. b4 b6 21. c5 bxc5 22. bxc5 dxc5 23. Nxc5 Bb5 24. h3 1/2-1/2

[Event "YUG-chT"]
[Site "Igalo"]
[Date "1994.??.??"]
[Round "1"]
[White "Beliavsky, Alexander G"]
[Black "Dokhoian, Yury"]
[Result "1/2-1/2"]
[WhiteElo "2640"]
[BlackElo "2580"]
[PlyCount "86"]
[EventDate "1994.??.??"]
[EventType "team"]
[EventRounds "9"]
[EventCountry "YUG"]
[SourceTitle "EXT 2000"]
[Source "ChessBase"]
[SourceDate "1999.11.16"]
[SourceVersion "1"]
[SourceVersionDate "1999.11.16"]
[SourceQuality "1"]

1. e4 c5 2. Nf3 d6 3. d4 cxd4 4. Nxd4 Nf6 5. Nc3 Nc6 6. Bg5 e6 7. Qd2 Be7 8. 0-0-0 0-0 9. f4 Nxd4 10. Qxd4 Qa5 11. Bc4 Bd7 12. e5 dxe5 13. fxe5 Bc6 14. Bd2 Nd7 15. Nd5 Qd8 16. Nxe7+ Qxe7 17. Rhe1 Rfd8 18. Bf1 Nf8 19. Qe3 Rd5 20. c4 Rd7 21. Bc3 b6 22. Rxd7 Qxd7 23. Qd2 Qb7 24. h4 b5 25. g4 bxc4 26. Bxc4 Bd5 27. Bxd5 exd5 28. Rd1 Rd8 29. Bd4 Ne6 30. Kb1 Rc8 31. b3 a5 32. Ka1 a4 33. bxa4 Rc4 34. Rb1 Rxd4 35. Rxb7 Rxd2 36. a5 Rd4 37. a6 Ra4 38. a7 Nf8 39. h5 d4 40. Kb2 d3 41. Kc3 Ra3+ 42. Kb2 Ra5 43. Kc3 Ra3+ 1/2-1/2

[Event "Tilburg"]
[Site "Tilburg"]
[Date "1994.??.??"]
[Round "2"]
[White "Dokhoian, Yury"]
[Black "Vaganian, Rafael A"]
[Result "1-0"]
[WhiteElo "2580"]
[BlackElo "2645"]
[PlyCount "103"]
[EventDate "1994.09.??"]
[EventType "k.o."]
[EventRounds "7"]
[EventCountry "NED"]
[SourceTitle "CBM 044"]
[Source "ChessBase"]
[SourceDate "1995.02.01"]
[SourceVersion "1"]
[SourceVersionDate "1995.02.01"]
[SourceQuality "1"]

1. d4 Nf6 2. c4 e6 3. Nc3 d5 4. cxd5 exd5 5. Bg5 c6 6. Qc2 Na6 7. e3 Nc7 8. Bd3 Be7 9. Nge2 Nh5 10. Bxe7 Qxe7 11. 0-0-0 g6 12. Kb1 Ng7 13. Ng3 0-0 14. h4 h5 15. Qd2 Re8 16. Rde1 Be6 17. f3 Rad8 18. Bc2 b5 19. Nce2 Na8 20. Nf4 Nb6 21. b3 c5 22. dxc5 Qxc5 23. Qd4 Qxd4 24. exd4 Bd7 25. Kb2 a5 26. Bd3 Rxe1 27. Rxe1 Rc8 28. Re5 Bc6 29. Re7 Nd7 30. Re2 Ne8 31. Nf1 Nd6 32. Ne3 Nb6 33. g4 hxg4 34. fxg4 Re8 35. h5 g5 36. Nh3 f6 37. Nf2 Bd7 38. Kc1 Nf7 39. Kd2 Nh6 40. Re1 Rc8 41. Nf5 Nxf5 42. Bxf5 Re8 43. Rc1 Kf8 44. Rc5 Ke7 45. Bxd7 Nxd7 46. Rxb5 a4 47. Rxd5 axb3 48. axb3 Rb8 49. Ne4 Ke6 50. Rd6+ Ke7 51. Rc6 Rxb3 52. Rc7 1-0

[Event "Bonn GSK"]
[Site "Bonn"]
[Date "1994.??.??"]
[Round "8"]
[White "Dokhoian, Yury"]
[Black "Wojtkiewicz, Aleksander"]
[Result "1/2-1/2"]
[WhiteElo "2570"]
[BlackElo "2560"]
[PlyCount "40"]
[EventDate "1994.??.??"]
[EventType "tourn"]
[EventRounds "9"]
[EventCountry "GER"]
[EventCategory "12"]
[SourceTitle "CBM 040"]
[Source "ChessBase"]
[SourceDate "1994.06.01"]
[SourceVersion "1"]
[SourceVersionDate "1994.06.01"]
[SourceQuality "1"]

1. d4 Nf6 2. c4 g6 3. Nc3 Bg7 4. e4 d6 5. Nf3 0-0 6. Be2 e5 7. 0-0 Nc6 8. d5 Ne7 9. Nd2 a5 10. a3 Nd7 11. Rb1 f5 12. b4 Kh8 13. f3 Ng8 14. Qc2 Ngf6 15. Bd3 f4 16. Nb5 Ne8 17. Be2 b6 18. Bb2 h5 19. c5 bxc5 20. bxc5 Nxc5 1/2-1/2

[Event "Bundesliga 9495"]
[Site "Germany"]
[Date "1994.??.??"]
[Round "?.1"]
[White "Dokhoian, Yury"]
[Black "Zude, Arno"]
[Result "1/2-1/2"]
[WhiteElo "2580"]
[BlackElo "2435"]
[PlyCount "82"]
[EventDate "1994.10.08"]
[EventType "team-tourn"]
[EventRounds "15"]
[EventCountry "GER"]
[SourceTitle "GER-chT"]
[Source "ChessBase"]
[SourceDate "1999.07.01"]
[SourceVersion "1"]
[SourceVersionDate "1999.07.01"]
[SourceQuality "1"]
[WhiteTeam "Bochum"]
[BlackTeam "Hofheim"]
[WhiteTeamCountry "GER"]
[BlackTeamCountry "GER"]

1. d4 Nf6 2. c4 e6 3. Nf3 d5 4. Nc3 Be7 5. Bg5 0-0 6. e3 Nbd7 7. Rc1 a6 8. cxd5 exd5 9. Bd3 c6 10. Qc2 Re8 11. 0-0 Nf8 12. Rce1 Be6 13. Ne5 N6d7 14. Bxe7 Rxe7 15. f4 f6 16. Nf3 Qc7 17. e4 dxe4 18. Rxe4 Rae8 19. Rfe1 Nb6 20. f5 Bf7 21. a3 a5 22. Kf2 Rxe4 23. Rxe4 Rxe4 24. Nxe4 Nd5 25. Nc3 Nd7 26. Be4 N7b6 27. Nxd5 Bxd5 28. g3 Qd7 29. Nd2 h6 30. Bxd5+ Qxd5 31. Qc5 Na4 32. Qxd5+ cxd5 33. b3 Nc3 34. Ke3 Kf7 35. Kd3 Nb5 36. a4 Nd6 37. g4 h5 38. h3 hxg4 39. hxg4 g6 40. fxg6+ Kxg6 41. Nf3 Ne4 1/2-1/2

[Event "Bundesliga 9495"]
[Site "Germany"]
[Date "1994.??.??"]
[Round "?.1"]
[White "Lutz, Christopher"]
[Black "Dokhoian, Yury"]
[Result "0-1"]
[WhiteElo "2580"]
[BlackElo "2580"]
[PlyCount "106"]
[EventDate "1994.10.08"]
[EventType "team-tourn"]
[EventRounds "15"]
[EventCountry "GER"]
[SourceTitle "GER-chT"]
[Source "ChessBase"]
[SourceDate "1999.07.01"]
[SourceVersion "1"]
[SourceVersionDate "1999.07.01"]
[SourceQuality "1"]
[WhiteTeam "Koeln Porz"]
[BlackTeam "Bochum"]
[WhiteTeamCountry "GER"]
[BlackTeamCountry "GER"]

1. e4 c5 2. Nf3 d6 3. c3 Nf6 4. Be2 Nbd7 5. d3 b6 6. 0-0 Bb7 7. Re1 e6 8. Nbd2 Be7 9. b3 0-0 10. Bb2 Re8 11. Bf1 e5 12. g3 Bf8 13. a3 Qc7 14. c4 g6 15. Bh3 Bh6 16. Nh4 Qd8 17. Ng2 Nh5 18. Rf1 Nf8 19. Nb1 Ne6 20. Nc3 Ng5 21. Bg4 Nf6 22. f4 exf4 23. gxf4 Nxg4 24. Qxg4 Ne6 25. f5 Nd4 26. Nd5 Bxd5 27. cxd5 Qg5 28. Qh3 Bg7 29. Kh1 Qh6 30. Qg4 Be5 31. Nh4 Qd2 32. Qg2 Qxg2+ 33. Kxg2 g5 34. Bxd4 Bxd4 35. Nf3 Bxa1 36. Rxa1 h6 37. a4 a6 38. h4 f6 39. h5 b5 40. a5 c4 41. Nd4 cxb3 42. Rb1 Rec8 43. Nc6 Rxc6 44. dxc6 Rc8 45. Rxb3 Rxc6 46. Kf3 Kf7 47. Rb2 Ke7 48. Ke3 Kd7 49. Kd4 Rc1 50. Kd5 Ra1 51. d4 Rxa5 52. Rc2 b4+ 53. Kc4 Rb5 0-1

[Event "YUG-chT"]
[Site "Igalo"]
[Date "1994.??.??"]
[Round "3"]
[White "Poluljahov, Aleksandr"]
[Black "Dokhoian, Yury"]
[Result "1/2-1/2"]
[WhiteElo "2510"]
[BlackElo "2570"]
[PlyCount "70"]
[EventDate "1994.??.??"]
[EventType "team"]
[EventRounds "9"]
[EventCountry "YUG"]
[SourceTitle "EXT 2002"]
[Source "ChessBase"]
[SourceDate "2001.11.25"]
[SourceVersion "1"]
[SourceVersionDate "2001.11.25"]
[SourceQuality "1"]

1. d4 Nf6 2. c4 e6 3. Nf3 b6 4. Nc3 Bb4 5. Qb3 c5 6. Bg5 Bb7 7. e3 0-0 8. Bd3 cxd4 9. Qxb4 Na6 10. Qa3 dxc3 11. Qxc3 Nc5 12. Bc2 Rc8 13. Qd4 h6 14. Bxf6 Qxf6 15. Qxf6 gxf6 16. Nd4 a5 17. b3 Rfd8 18. 0-0 f5 19. f3 d5 20. cxd5 Rxd5 21. Rad1 Rcd8 22. g3 Kg7 23. a3 Kf6 24. f4 h5 25. Kf2 h4 26. gxh4 Rh8 27. Nf3 Ne4+ 28. Bxe4 fxe4 29. Rxd5 Bxd5 30. Nd4 Rxh4 31. Kg3 Rh8 32. Rc1 Rg8+ 33. Kf2 Rh8 34. Kg3 Rg8+ 35. Kf2 Rh8 1/2-1/2

[Event "Bonn GSK"]
[Site "Bonn"]
[Date "1994.??.??"]
[Round "9"]
[White "Romanishin, Oleg M"]
[Black "Dokhoian, Yury"]
[Result "1-0"]
[WhiteElo "2590"]
[BlackElo "2570"]
[PlyCount "111"]
[EventDate "1994.??.??"]
[EventType "tourn"]
[EventRounds "9"]
[EventCountry "GER"]
[EventCategory "12"]
[SourceTitle "CBM 040"]
[Source "ChessBase"]
[SourceDate "1994.06.01"]
[SourceVersion "1"]
[SourceVersionDate "1994.06.01"]
[SourceQuality "1"]

1. d4 d5 2. c4 e6 3. Nf3 Nf6 4. g3 dxc4 5. Bg2 Nc6 6. Qa4 Bb4+ 7. Bd2 Nd5 8. Qb5 Bxd2+ 9. Nbxd2 c3 10. bxc3 Nxc3 11. Qd3 Nd5 12. 0-0 0-0 13. Rac1 Qe7 14. e4 Nb6 15. Rfd1 Rd8 16. Nb3 Bd7 17. Nc5 Rab8 18. Qb3 Be8 19. d5 exd5 20. exd5 Ne5 21. Nd4 c6 22. Re1 Qf6 23. Ne4 Qg6 24. d6 Ned7 25. Qa3 Nf6 26. Qxa7 Nxe4 27. Bxe4 Qxd6 28. Nf5 Qc7 29. Ne7+ Kf8 30. Nxc6 Ra8 31. Nxd8 Qxc1 32. Rxc1 Rxa7 33. Rc2 Ra4 34. Bxb7 Ke7 35. Bc6 Kxd8 36. Rd2+ Ke7 37. Re2+ Kd6 38. Bxe8 Ra7 39. Bb5 Kc5 40. Bd3 h6 41. Rc2+ Kd4 42. Bb5 Ra5 43. Be8 Ra7 44. a4 Nc4 45. Kg2 Re7 46. Bb5 Nd6 47. Be2 Ne4 48. a5 Nc3 49. Bf1 Re1 50. Rd2+ Ke5 51. Rd7 Ra1 52. a6 f5 53. Rxg7 Ne4 54. a7 Nd6 55. Rc7 h5 56. Be2 1-0

[Event "Bonn GSK"]
[Site "Bonn"]
[Date "1994.??.??"]
[Round "3"]
[White "Rozentalis, Eduardas"]
[Black "Dokhoian, Yury"]
[Result "0-1"]
[WhiteElo "2605"]
[BlackElo "2570"]
[PlyCount "150"]
[EventDate "1994.??.??"]
[EventType "tourn"]
[EventRounds "9"]
[EventCountry "GER"]
[EventCategory "12"]
[SourceTitle "CBM 040"]
[Source "ChessBase"]
[SourceDate "1994.06.01"]
[SourceVersion "1"]
[SourceVersionDate "1994.06.01"]
[SourceQuality "1"]

1. e4 c5 2. Nf3 Nc6 3. Bb5 d6 4. 0-0 Bd7 5. Re1 Nf6 6. c3 a6 7. Ba4 c4 8. Bc2 e5 9. b3 b5 10. Qe2 Rc8 11. d3 cxb3 12. axb3 b4 13. Rxa6 bxc3 14. Ra4 Nd4 15. Rxd4 exd4 16. Nxd4 Be7 17. e5 dxe5 18. Qxe5 Kf8 19. h3 Bb4 20. Ba3 Bxa3 21. Nxa3 Qc7 22. Nc4 Qxe5 23. Rxe5 Re8 24. Rc5 Re1+ 25. Kh2 Ke7 26. Nb6 Rb8 27. Nxd7 Kxd7 28. Rxc3 Nd5 29. Rc4 Nb4 30. Nf5 Rc1 31. Ne3 Nxc2 32. Nxc2 Rxb3 33. Rd4+ Ke8 34. Ne3 Rc7 35. Rh4 h6 36. Nf5 Kf8 37. Rd4 Rb8 38. g4 Kg8 39. Kg2 Kh7 40. Rf4 Rd7 41. Ng3 Rb2 42. Ne4 Rc2 43. Kf1 Kg8 44. Rf3 Rb2 45. Re3 Rd4 46. Rf3 Rd5 47. Ke1 Ra5 48. Kf1 Rc2 49. Kg2 Rc1 50. Re3 Raa1 51. Nd6 Re1 52. Re4 Rad1 53. Nf5 Rxe4 54. dxe4 Rd3 55. h4 Kh7 56. h5 g6 57. hxg6+ fxg6 58. Ne3 Kg7 59. Nd5 Kf7 60. f3 Rb3 61. Nf4 Kf6 62. Kg3 Rb2 63. Nd3 Rd2 64. Nf4 Ra2 65. Nd5+ Ke5 66. Nf4 g5 67. Nd5 Kd4 68. Ne7 Ke3 69. Nf5+ Ke2 70. e5 Kf1 71. e6 Rg2+ 72. Kh3 Kf2 73. Nxh6 Rg1 74. Kh2 Re1 75. Nf7 Rxe6 0-1

[Event "Bonn GSK"]
[Site "Bonn"]
[Date "1994.??.??"]
[Round "1"]
[White "Sieglen, Joachim"]
[Black "Dokhoian, Yury"]
[Result "0-1"]
[WhiteElo "2410"]
[BlackElo "2570"]
[PlyCount "60"]
[EventDate "1994.??.??"]
[EventType "tourn"]
[EventRounds "9"]
[EventCountry "GER"]
[EventCategory "12"]
[SourceTitle "CBM 040"]
[Source "ChessBase"]
[SourceDate "1994.06.01"]
[SourceVersion "1"]
[SourceVersionDate "1994.06.01"]
[SourceQuality "1"]

1. Nf3 Nf6 2. c4 e6 3. g3 d5 4. b3 c5 5. Bg2 Nc6 6. 0-0 d4 7. e3 Bd6 8. exd4 cxd4 9. a3 a5 10. d3 0-0 11. Qc2 h6 12. Nbd2 e5 13. c5 Bc7 14. Nc4 Bf5 15. Re1 Re8 16. Bd2 e4 17. dxe4 Nxe4 18. Nh4 d3 19. Qb2 Bh7 20. Be3 Qe7 21. Nf3 Nxc5 22. Bxh6 Qf8 23. Be3 Rad8 24. Rac1 d2 25. Ncxd2 Nd3 26. Qc3 Nxe1 27. Nxe1 Be5 28. Qc5 Qxc5 29. Rxc5 Bd4 30. Bxc6 bxc6 0-1

[Event "Tilburg"]
[Site "Tilburg"]
[Date "1994.??.??"]
[Round "2"]
[White "Vaganian, Rafael A"]
[Black "Dokhoian, Yury"]
[Result "1-0"]
[WhiteElo "2645"]
[BlackElo "2580"]
[PlyCount "119"]
[EventDate "1994.09.??"]
[EventType "k.o."]
[EventRounds "7"]
[EventCountry "NED"]
[SourceTitle "CBM 044"]
[Source "ChessBase"]
[SourceDate "1995.02.01"]
[SourceVersion "1"]
[SourceVersionDate "1995.02.01"]
[SourceQuality "1"]

1. Nf3 Nf6 2. g3 b6 3. Bg2 Bb7 4. c4 e6 5. 0-0 Be7 6. Nc3 0-0 7. Re1 Ne4 8. Nxe4 Bxe4 9. d3 Bb7 10. d4 Be4 11. Nh4 Bxg2 12. Nxg2 d6 13. e4 Nd7 14. d5 Bf6 15. Nf4 Qe7 16. a4 a5 17. Nh5 Rfe8 18. Ra3 Qf8 19. f4 Bd8 20. g4 g6 21. Ng3 Bf6 22. Rf3 Bg7 23. b3 Qe7 24. g5 Nc5 25. Kg2 Qd7 26. Bd2 Re7 27. dxe6 Rxe6 28. f5 Ree8 29. Bf4 Qc6 30. Rfe3 Be5 31. Qd5 Qb7 32. Qxb7 Nxb7 33. Ne2 Nc5 34. Kf3 Re7 35. h4 Rae8 36. f6 Re6 37. Bxe5 Rxe5 38. Nd4 h6 39. Nc6 hxg5 40. Nxe5 Rxe5 41. hxg5 Rxg5 42. e5 Rf5+ 43. Kg4 dxe5 44. Rf3 Rh5 45. Rh3 Rf5 46. Rf3 Rh5 47. Rd1 Ne6 48. Rff1 e4 49. Kg3 Rg5+ 50. Kf2 Rh5 51. Ke3 Rh3+ 52. Kxe4 Rxb3 53. Kd5 Rc3 54. Rd2 c6+ 55. Kd6 Rxc4 56. Rh2 Nf4 57. Rh4 g5 58. Rg1 Rd4+ 59. Kxc6 Rc4+ 60. Kb7 1-0

[Event "Bundesliga 9394"]
[Site "Germany"]
[Date "1993.12.04"]
[Round "3.1"]
[White "Bologan, Viktor"]
[Black "Dokhoian, Yury"]
[Result "1/2-1/2"]
[WhiteElo "2510"]
[BlackElo "2550"]
[PlyCount "40"]
[EventDate "1993.11.06"]
[EventType "team-tourn"]
[EventRounds "15"]
[EventCountry "GER"]
[SourceTitle "GER-chT"]
[Source "ChessBase"]
[SourceDate "1999.07.01"]
[SourceVersion "1"]
[SourceVersionDate "1999.07.01"]
[SourceQuality "1"]
[WhiteTeam "Dresden"]
[BlackTeam "Bochum"]
[WhiteTeamCountry "GER"]
[BlackTeamCountry "GER"]

1. e4 e6 2. d4 d5 3. Nc3 Nf6 4. Bg5 dxe4 5. Nxe4 Nbd7 6. Nf3 h6 7. Nxf6+ Nxf6 8. Bd2 c5 9. dxc5 Bxc5 10. Bd3 0-0 11. Qe2 e5 12. 0-0-0 Re8 13. Bb5 Bd7 14. Bxd7 Qxd7 15. Be3 Bxe3+ 16. Qxe3 Qa4 17. Kb1 Rac8 18. Qb3 Qxb3 19. axb3 Ng4 20. Rd2 e4 1/2-1/2

[Event "Bundesliga 9293"]
[Site "Germany"]
[Date "1993.??.??"]
[Round "?.2"]
[White "Dokhoian, Yury"]
[Black "Bangiev, Alexander J"]
[Result "1/2-1/2"]
[WhiteElo "2510"]
[BlackElo "2395"]
[PlyCount "90"]
[EventDate "1992.10.24"]
[EventType "team-tourn"]
[EventRounds "15"]
[EventCountry "GER"]
[SourceTitle "GER-chT"]
[Source "ChessBase"]
[SourceDate "1999.07.01"]
[SourceVersion "1"]
[SourceVersionDate "1999.07.01"]
[SourceQuality "1"]
[WhiteTeam "Bochum"]
[BlackTeam "Bielefeld"]
[WhiteTeamCountry "GER"]
[BlackTeamCountry "GER"]

1. d4 d5 2. c4 c6 3. Nc3 Nf6 4. e3 e6 5. Nf3 Nbd7 6. Qc2 Bd6 7. Be2 0-0 8. 0-0 Qe7 9. Rd1 Re8 10. a3 b6 11. e4 Nxe4 12. Nxe4 dxe4 13. Qxe4 Bb7 14. Bf4 Bxf4 15. Qxf4 c5 16. Qc7 Rab8 17. Ne5 Nxe5 18. Qxe7 Nf3+ 19. gxf3 Rxe7 20. dxc5 bxc5 21. b4 Kf8 22. Rd2 Rc7 23. f4 Ke7 24. f3 Rd8 25. Rxd8 Kxd8 26. Kf2 Rd7 27. Ke3 Kc7 28. Rg1 f6 29. h4 Kb6 30. Rb1 h6 31. Bf1 Bc6 32. Bh3 Re7 33. Rd1 Rd7 34. Re1 Re7 35. Kf2 e5 36. Bf5 Be8 37. fxe5 Rxe5 38. Rxe5 fxe5 39. Be6 cxb4 40. axb4 a5 41. bxa5+ Kxa5 42. Ke3 Bg6 43. f4 exf4+ 44. Kxf4 Kb4 45. Ke5 Kc5 1/2-1/2

[Event "Cuxhaven op"]
[Site "Cuxhaven"]
[Date "1993.??.??"]
[Round "5"]
[White "Dokhoian, Yury"]
[Black "Chuchelov, Vladimir"]
[Result "1/2-1/2"]
[WhiteElo "2550"]
[BlackElo "2510"]
[PlyCount "28"]
[EventDate "1993.03.??"]
[EventType "swiss"]
[EventRounds "9"]
[EventCountry "GER"]
[SourceTitle "EXT 1997"]
[Source "ChessBase"]
[SourceDate "1996.11.15"]
[SourceVersion "1"]
[SourceVersionDate "1996.11.15"]
[SourceQuality "1"]

1. Nf3 Nf6 2. c4 c5 3. g3 b6 4. Bg2 Bb7 5. 0-0 e6 6. Nc3 Be7 7. d4 cxd4 8. Qxd4 d6 9. b3 Na6 10. e4 Nc5 11. e5 dxe5 12. Qxd8+ Rxd8 13. Nxe5 Bxg2 14. Kxg2 a6 1/2-1/2

[Event "Bundesliga 9293"]
[Site "Germany"]
[Date "1993.??.??"]
[Round "?.2"]
[White "Dokhoian, Yury"]
[Black "Gschnitzer, Oswald"]
[Result "1-0"]
[WhiteElo "2510"]
[BlackElo "2475"]
[PlyCount "83"]
[EventDate "1992.10.24"]
[EventType "team-tourn"]
[EventRounds "15"]
[EventCountry "GER"]
[SourceTitle "GER-chT"]
[Source "ChessBase"]
[SourceDate "1999.07.01"]
[SourceVersion "1"]
[SourceVersionDate "1999.07.01"]
[SourceQuality "1"]
[WhiteTeam "Bochum"]
[BlackTeam "Kirchheim"]
[WhiteTeamCountry "GER"]
[BlackTeamCountry "GER"]

1. d4 Nf6 2. c4 e6 3. Nf3 b6 4. g3 Bb4+ 5. Bd2 a5 6. Bg2 Ba6 7. Ne5 Ra7 8. Qc2 c5 9. dxc5 Bxc5 10. Bc3 0-0 11. Nd3 Be7 12. Nd2 d5 13. Bxf6 Bxf6 14. cxd5 exd5 15. 0-0 Re8 16. Rfe1 Bxd3 17. exd3 Rd7 18. Qb3 Rxe1+ 19. Rxe1 g6 20. Qb5 Kg7 21. Nf3 Qc7 22. d4 Qc6 23. a4 Qxb5 24. axb5 Rc7 25. Ne5 Rc2 26. b3 Bxe5 27. Rxe5 Nd7 28. Rxd5 Nf6 29. Rd6 Rc1+ 30. Bf1 Ne4 31. Rc6 Rb1 32. Kg2 Nd2 33. Bc4 Nxb3 34. Rxb6 Nxd4 35. Rb7 Kh8 36. b6 a4 37. Rd7 Nc6 38. b7 a3 39. Bd5 Kg7 40. Rxf7+ Kh6 41. Bxc6 a2 42. b8Q 1-0

[Event "GER CupT"]
[Site "Germany"]
[Date "1993.??.??"]
[Round "?"]
[White "Dokhoian, Yury"]
[Black "Gutman, Lev"]
[Result "1-0"]
[WhiteElo "2510"]
[BlackElo "2450"]
[PlyCount "80"]
[EventDate "1993.??.??"]
[EventType "team"]
[EventRounds "9"]
[EventCountry "GER"]
[SourceTitle "EXT 1997"]
[Source "ChessBase"]
[SourceDate "1996.11.15"]
[SourceVersion "1"]
[SourceVersionDate "1996.11.15"]
[SourceQuality "1"]

1. d4 Nf6 2. c4 g6 3. Nc3 Bg7 4. e4 0-0 5. Be2 c6 6. Bf3 d6 7. Nge2 Na6 8. 0-0 Rb8 9. a3 Nd7 10. Bg5 Nc7 11. Qd2 c5 12. Nd5 Nxd5 13. exd5 Bf6 14. Bxf6 exf6 15. Nc3 f5 16. Nb5 a6 17. Nxd6 Qf6 18. dxc5 Nxc5 19. Nxc8 Rfxc8 20. Rad1 b5 21. cxb5 axb5 22. Qb4 Na6 23. Qa5 Nc5 24. Qb4 Na6 25. Qd4 Qxd4 26. Rxd4 Rc2 27. b4 Nc7 28. Rfd1 Kf8 29. R4d2 Rc3 30. Rd3 Rc2 31. Re3 Rd8 32. d6 Ne6 33. h4 h5 34. Be2 f4 35. Re4 Rb8 36. d7 Rd8 37. Bxb5 f3 38. a4 fxg2 39. a5 Rc7 40. a6 Ke7 1-0

[Event "Muenster op"]
[Site "Muenster"]
[Date "1993.??.??"]
[Round "3"]
[White "Dokhoian, Yury"]
[Black "Himmel, Hansjoerg"]
[Result "1-0"]
[WhiteElo "2550"]
[BlackElo "2355"]
[PlyCount "53"]
[EventDate "1993.10.??"]
[EventType "swiss"]
[EventRounds "9"]
[EventCountry "GER"]
[SourceTitle "EXT 1999"]
[Source "ChessBase"]
[SourceDate "1998.11.16"]
[SourceVersion "1"]
[SourceVersionDate "1998.11.16"]
[SourceQuality "1"]

1. d4 Nf6 2. c4 g6 3. Nc3 d5 4. cxd5 Nxd5 5. e4 Nxc3 6. bxc3 Bg7 7. Bb5+ c6 8. Ba4 b5 9. Bb3 b4 10. Qf3 0-0 11. h4 h5 12. Ne2 bxc3 13. Qxc3 Qd7 14. Bg5 Na6 15. Rd1 c5 16. 0-0 Bb7 17. Qe3 cxd4 18. Nxd4 Qc7 19. Bh6 Qe5 20. Bxg7 Qxg7 21. Nf3 Rac8 22. Rd7 Rc3 23. Qxa7 Bc8 24. Rxe7 Rxf3 25. gxf3 Qf6 26. Rc1 Qxh4 27. Bxf7+ 1-0